| Tag |
First Indicator |
Second Indicator |
Subfields |
| LEADER |
00000cam a2200000 4500 |
| 001 |
in00000479230 |
| 005 |
20151013054621.0 |
| 008 |
710112s1970 ilu b 00110 eng |
| 010 |
|
|
|a 74116052
|
| 020 |
|
|
|a 0810103141
|
| 035 |
|
|
|a (OCoLC)00108912
|
| 035 |
|
|
|9 ACC3076AM
|
| 040 |
|
|
|a DLC
|c DLC
|d TXA
|d UtOrBLW
|
| 049 |
|
|
|a TXAM
|c [1472863]
|
| 050 |
0 |
0 |
|a Q175
|b .K593
|
| 082 |
0 |
|
|a 501
|
| 100 |
1 |
|
|a Kockelmans, Joseph J.,
|d 1923-
|
| 245 |
1 |
0 |
|a Phenomenology and the natural sciences ;
|b essays and translations /
|c [compiled by] Joseph J. Kockelmans [and] Theodore J. Kisiel.
|
| 264 |
|
1 |
|a Evanston :
|b Northwestern University Press,
|c 1970.
|
| 300 |
|
|
|a xxi, 520 pages ;
|c 24 cm.
|
| 336 |
|
|
|a text
|b txt
|2 rdacontent
|
| 337 |
|
|
|a unmediated
|b n
|2 rdamedia
|
| 338 |
|
|
|a volume
|b nc
|2 rdacarrier
|
| 490 |
1 |
|
|a Northwestern University studies in phenomenology & existential philosophy
|
| 504 |
|
|
|a Includes bibliographical references.
|
| 650 |
|
0 |
|a Science
|x Philosophy.
|
| 650 |
|
0 |
|a Phenomenology.
|
| 700 |
1 |
|
|a Kisiel, Theodore J.
|
| 830 |
|
0 |
|a Northwestern University studies in phenomenology & existential philosophy.
|
| 999 |
|
|
|a MARS
|
| 999 |
f |
f |
|s eb5dad66-3ff3-315b-8054-4dced7dfe402
|i 587b0995-cf61-3eaf-9533-eb17de1274e9
|t 0
|
| 952 |
f |
f |
|p normal
|a Texas A&M University
|b College Station
|c Sterling C. Evans Library
|d Evans: Library Stacks
|t 0
|e Q175 .K593
|h Library of Congress classification
|i unmediated -- volume
|m A14804403736
|
| 998 |
f |
f |
|a Q175 .K593
|t 0
|l Evans: Library Stacks
|